000 01577cam a22004337a 4500
001 000093176
003 CHAP
005 20220329142921.0
008 050223d2002 mx a |r| |0||| spa |
010 _a89642
011 _a90614
020 _a9688848379
035 _a101170
040 _cCHAP
082 0 4 _a634.775097237
_bC96 2002
245 0 2 _aEl Cultivo de la pitaya (Stenocereus spp) :
_buna alternativa para el trópico seco del estado de Michoacán /
_c/por Angel Rebollar Alviter ...[et al.].
250 _a2 ed.
260 _aChapingo, Méx. :
_bUACH. Dirección de Centros Regionales,
_c2002.
300 _a90 p. :
_bilus.
590 _aBATCH-UPD
_b10
_c20130110
_lUCH01
_h0555
590 _aBATCH-UPD
_b10
_c20130410
_lUCH01
_h0237
590 _aBATCH-UPD
_b10
_c20130914
_lUCH01
_h0806
590 _aCONVERSION
_b10
_c20130109
_lUCH01
_h1350
590 _aE5765TAJ
_b05
_c20191003
_lUCH01
_h1225
590 _aE5765TAJ
_b05
_c20191003
_lUCH01
_h1225
590 _aE5765TAJ
_b05
_c20191003
_lUCH01
_h1302
650 1 4 _aCactáceas
_zMichoacán.
_917022
650 1 4 _aPitaya
_xCultivo.
_9132372
650 1 4 _aStenocereus.
_9109642
700 0 _aRebollar Alviter, Angel.
_994950
901 _aBK
905 _aAlejandra Carrasco M.
942 _cLIBRO
942 _n0
949 _aFolleto 16839
_bBC
_cFOLL
_d33724000795225
_eTS1
_i101170
_sb
949 _aFolleto 16839
_bBC
_cFOLL
_d33724000795290
_eTS2
_fc.2
_i101170
_si
949 _aFolleto 16839
_bBC
_cFOLL
_d33724000795423
_eTS2
_fc.3
_i101170
_si
949 _aFolleto 16839
_bBC
_cUACH
_d33724000795548
_eUACH
_fc.4
_i101170
_sb
999 _c89642
_d89642